MARC

LEADER 00000nam0a2200000 4500
001 361645
005 20231102011417.0
035 |a (RuTPU)RU\TPU\retro\18984 
090 |a 361645 
100 |a 20210628d1964 m y0rusy50 ca 
101 0 |a ger 
102 |a RU 
105 |a y j 001zy 
200 1 |a Кики (История одной собаки)  |f Ф. Вольф  |g комментарии и словарь Бахрушиной 
205 |a 3-е изд. 
210 |a Москва  |c Высшая школа  |d 1964 
215 |a 24 с. 
225 1 |a Учебная серия для начального чтения 
300 |a На нем. яз 
320 |a Словарь: с. 16-23 
512 1 |a Kiki 
606 1 |a Немецкий язык  |x Хрестоматии. Книги для чтения  |2 stltpush  |3 (RuTPU)RU\TPU\subj\45393  |9 64635 
610 1 |a лексика 
610 1 |a чтение 
610 1 |a понимание 
610 1 |a адаптированные тексты 
686 |a Ш143.24-922.8  |v LBC/SL-A  |2 rubbk 
700 1 |a Вольф  |b Ф.  |g Фридрих 
702 1 |a Бахрушина  |4 210 
801 1 |a RU  |b 63413507  |c 20210628 
801 2 |a RU  |b 63413507  |c 20210628  |g RCR 
942 |c BK